000 00199 a2200097 4500
001 11187
100 _aTinker, H.
245 _aIndia and Pakistan
260 _a
_bWeidenfeld
_c
090 _c8741
_d8741
942 _aNUST-CAE
_cM
_c35535
999 _c246260
_d246260